Biggest City in Every Irish County - Statistics

General Stats
  • This quiz has been taken 1,031 times
  • The average score is 17 of 32
Answer Stats
County City % Correct
Dublin Dublin
99%
Cork Cork
97%
Galway Galway
92%
Derry Derry
91%
Limerick Limerick
89%
Waterford Waterford
87%
Kilkenny Kilkenny
80%
Wexford Wexford
80%
Sligo Sligo
79%
Antrim Belfast
77%
Carlow Carlow
67%
Longford Longford
65%
Cavan Cavan
62%
Roscommon Roscommon
61%
Monaghan Monaghan
59%
Clare Ennis
43%
Louth Drogheda
38%
Tyrone Omagh
36%
Kerry Tralee
35%
Donegal Letterkenny
34%
Westmeath Athlone
30%
Fermanagh Enniskillen
30%
Wicklow Bray
29%
Kildare Naas
29%
Down Bangor
28%
Mayo Castlebar
26%
Meath Navan
25%
Laois Portlaoise
25%
Armagh Craigavon
23%
Offaly Tullamore
23%
Tipperary Clonmel
20%
Leitrim Carrick-on-Shannon
19%
No matching quizzes found
Score Distribution
Percent of People with Each Score
Percentile by Number Answered
Your Score History
You have not taken this quiz